| Record ID | ia:oneearthmultitud0000roop |
| Source | Internet Archive |
| Download MARC XML | https://archive.org/download/oneearthmultitud0000roop/oneearthmultitud0000roop_marc.xml |
| Download MARC binary | https://www.archive.org/download/oneearthmultitud0000roop/oneearthmultitud0000roop_meta.mrc |
LEADER: 01878cam 2200493 a 4500
001 ocm25746531
003 OCoLC
005 20191121201842.0
008 920327s1992 nyua j 000 0 eng
010 $a 92014057
040 $aDLC$beng$cDLC$dBAKER$dBTCTA$dYDXCP$dOCLCO$dOCLCF$dOCLCQ$dOCLCO$dOCLCQ$dOCLCA
020 $a0802781926$q(cloth)
020 $a9780802781925$q(cloth)
020 $a0802781934$q(reinforced)
020 $a9780802781932$q(reinforced)
035 $a(OCoLC)25746531
042 $alcac
043 $an-usp--$an-cn-bc
050 00 $aQL155$b.R66 1992
082 00 $a591.9795$220
100 1 $aRoop, Peter.
245 10 $aOne earth, a multitude of creatures /$cPeter and Connie Roop ; illustrations by Valerie A. Kells.
260 $aNew York :$bWalker,$c1992.
300 $a1 volume (unpaged) :$bcolor illustrations ;$c27 cm
336 $atext$btxt$2rdacontent
337 $aunmediated$bn$2rdamedia
338 $avolume$bnc$2rdacarrier
520 $aIntroduces animals that are a part of the ecosytem of the Pacific Northwest, discussing how they depend on one another and their environment for survival.
650 0 $aAnimals$zNorthwest, Pacific$vJuvenile literature.
650 1 $aZoology$zNorthwest, Pacific.
650 7 $aAnimals.$2fast$0(OCoLC)fst00809468
651 7 $aPacific Northwest.$2fast$0(OCoLC)fst01242543
655 7 $aJuvenile works.$2fast$0(OCoLC)fst01411637
700 1 $aRoop, Connie.
700 1 $aKells, Valerie A.,$eillustrator.
938 $aBaker & Taylor$bBKTY$c14.95$d11.21$i0802781926$n0002136495$sactive
938 $aBaker and Taylor$bBTCP$n92014057$c$14.95
938 $aYBP Library Services$bYANK$n657216
029 1 $aAU@$b000025992672
029 1 $aUKBRU$b1025701
029 1 $aYDXCP$b657215
029 1 $aYDXCP$b657216
994 $aZ0$bP4A
948 $hNO HOLDINGS IN P4A - 237 OTHER HOLDINGS